Statistiques concernant Paroles : Mauvais - Lefa

Cliquez ici pour prendre le quiz!

Statistiques générales

  • Ce quiz a été pris 35 fois
  • Le résultat moyen est 214 sur 272

Statistiques - réponses

Paroles% Correct
ma
100%
m'a
100%
à
95%
mauvais
95%
Mauvais,
95%
des
90%
et
90%
J'ai
90%
je
90%
j'suis
90%
le
90%
les
90%
mais
90%
par
90%
Tu
90%
tu
90%
un
90%
Ça
86%
en
86%
j'crois
86%
la
86%
me
86%
mon
86%
Peu
86%
peu
86%
ton
86%
tout
86%
amour
81%
autre
81%
bas,
81%
ces
81%
C'est
81%
"c'est
81%
coups
81%
Il
81%
mangé
81%
même
81%
parano
81%
pas,
81%
pas
81%
pote
81%
qu'j'suis
81%
Si
81%
si
81%
toujours
81%
avec
76%
choses
76%
couleur,
76%
dans
76%
debout
76%
donner
76%
noir
76%
pour
76%
Que
76%
qui
76%
rendu
76%
toi,
76%
une
76%
Va
76%
ville
76%
vois
76%
déjà,
71%
Fais
71%
j't'aime
71%
j'vois
71%
main
71%
mérite
71%
mort,
71%
ou
71%
plus,
71%
quand
71%
Quand
71%
Uber,
71%
doigt
67%
l'as
67%
ne
67%
n'importe
67%
Parle
67%
peut-être
67%
porte
67%
Posé
67%
pris
67%
qu'moi
67%
respect
67%
Toutes
67%
troisième
67%
vie,
67%
vie
67%
du-per
62%
importe
62%
j'traverse
62%
manager
62%
m'parle
62%
sur
62%
tenir
62%
connu
57%
fame,
57%
fan
57%
j'avais
57%
j'cogite
57%
J'cogite
57%
J'effacerai
57%
m'serres
57%
num'
57%
qu'il
57%
soit
57%
vu
57%
yeux
57%
zéro
57%
bitch
52%
dira
52%
donneraient
52%
j'ferai
52%
l'heure
52%
l'monde
52%
lumières,
52%
m'regardes
52%
super"
52%
Bercé
48%
d'la
48%
merde
48%
qu'tout
48%
l'air
43%
lève
43%
mains
43%
public
43%
saurai
43%

Distribution des résultats

Percentile par nombre de réponses

% des personnes avec chaque résultat

Votre développement - résultats

Vous n’avez pas pris ce quiz